Serbian Brands 2 - Statistics

General Stats
  • This quiz has been taken 81 times
  • The average score is 12 of 16
Answer Stats
Picture Answer % Correct
Knjaz Miloš
96%
Frikom
94%
Kurir
94%
Grand
93%
Zaječarsko
93%
Dijamant
90%
Štark
89%
Alo
86%
B92
86%
Prolom Voda
80%
Informer
79%
Voda Vrnjci
74%
Neoplanta
57%
Smoki
51%
Galenika
16%
Centroproizvod
13%
No matching quizzes found
Score Distribution
Percent of People with Each Score
Percentile by Number Answered
Your Score History
You have not taken this quiz